00658nam a22001337a 4500008004100000020001500041082001900056100002700075245003900102260023600141300001700377440002100394650010900415180829b xxu||||| |||| 00| 0 eng d a9709703587 a777.092bD948p aDurán, María Elena aPeter Greenaway. Un pintor de luz. aMéxicobInstituto Nacional de Bellas Artes y LiteraturabCentro Nacional de las Artes bCentro Nacional de Investigación, Documentación e Información de Artes Plásticas (CENDIAPbEstampa Artes Gráficas S.A. de C.Vc2012 a19 p.c21cm. aEnsayos Abrevian 2Arte contemporáneoxCinexCine - pinturaxCine - biografíaxArtistas - biografíaxGreenaway, Peter